Podstata a kroky marketingového manažmentu. 2 Majstrovský list
Charakteristika marketingovej koncepcie. Tri okruhy pri posudzovaní marketingu ako riadiacej koncepcie. Špecifické funkcie, ktoré musí marketing spĺňať pre ovplyvňovanie dopytu. Kroky marketingového manažmentu.
Gespeichert in:
| 1. Verfasser: | |
|---|---|
| Format: | Buchkapitel |
| Sprache: | Slowakisch |
| Schlagworte: | |
| Tags: |
Keine Tags, Fügen Sie das erste Tag hinzu!
|
MARC
| LEADER | 00000naa a2200000 4500 | ||
|---|---|---|---|
| 001 | r015187 | ||
| 005 | 20221205090820.9 | ||
| 041 | 0 | |a slo | |
| 044 | |a SK | ||
| 245 | 1 | 0 | |a Podstata a kroky marketingového manažmentu. 2 |b Majstrovský list |c A. Ďurkovičová |
| 520 | |a Charakteristika marketingovej koncepcie. Tri okruhy pri posudzovaní marketingu ako riadiacej koncepcie. Špecifické funkcie, ktoré musí marketing spĺňať pre ovplyvňovanie dopytu. Kroky marketingového manažmentu. | ||
| 610 | 2 | 0 | |a marketing |
| 610 | 2 | 0 | |a manažment |
| 610 | 2 | 0 | |a koncepcie |
| 610 | 2 | 0 | |a stratégia marketingová |
| 100 | 1 | |a Ďurkovičová, A. | |